00397nam a2200145 a 450000500170000000800410001702000180005805000260007610000170010224500490011926000440016830000070021244000140021965000180023320140412111415.0070706s19uu xx 00 eng d a81-7301-173-7 aTR(GS 001.5bM99 2005 aChawla, Aman aMy big book of Communication /cAman Chawla. aIndia :bDreamland Publications,c2005. a32 aDreamland aCommunication